| LEADER 00000nam 2200000uu 4500 |
| 001 13399109989 |
| 003 BCNR |
| 008 110125s2551||||th 000 0 tha d |
| 020 9789740528128
|
| 041 0 tha
|
| 060 04 WJ168^bว367ต 2551
|
| 245 00 ตำรา "วีระสิงห์ เมืองมั่น" : ศัลยศาสตร์ระบบปัสสาวะฉุกเฉิน =^bVerasing Muangman's textbook of urologic emergency /^cวชิร คชการ, บรรณาธิการ
|
| 246 31 Verasing Muangman's textbook of urologic emergency
|
| 246 30 ศัลยศาสตร์ระบบปัสสาวะฉุกเฉิน
|
| 250 พิมพ์ครั้งที่ 1
|
| 260 กรุงเทพฯ :^bภาควิชาศัลยศาสตร์ คณะแพทยศาสตร์โรงพยาบาลรามาธิบดี มหาวิทยาลัยมหิดล,^c2551
|
| 300 xii, 232 หน้า. :^bภาพประกอบ ;^c27 ซม.
|
| 650 2 Urologic Diseases^xsurgery
|
| 650 2 Urogenital System^xsurgery
|
| 650 7 ทางเดินปัสสาวะ, โรคระบบ^xศัลยกรรม
|
| 650 7 ปัสสาวะ, วิทยาระบบ
|
| 650 7 ทางเดินปัสสาวะ^xศัลยกรรม
|
| 700 0 วชิร คชการ,^eบรรณาธิการ
|
| 700 0 วีระสิงห์ เมืองมั่น
|
| 710 2 มหาวิทยาลัยมหิดล. ^bคณะแพทยศาสตร์โรงพยาบาลรามาธิบดี.^bภาควิชาศัลยศาสตร์
|
| 999 ^aบรรณารักษ์
|